Electricity And Magnetism With Electronics (Record no. 298705)

MARC details
000 -LEADER
fixed length control field 00423nam a2200157Ia 4500
008 - FIXED-LENGTH DATA ELEMENTS--GENERAL INFORMATION
fixed length control field 230718s9999 xx 000 0 und d
041 ## - LANGUAGE CODE
Language code of text/sound track or separate title eng
082 ## - DEWEY DECIMAL CLASSIFICATION NUMBER
Classification number 621.381
Item number TEW
100 ## - MAIN ENTRY--PERSONAL NAME
Personal name Tewari K. K.
9 (RLIN) 137443
245 ## - TITLE STATEMENT
Title Electricity And Magnetism With Electronics
260 ## - PUBLICATION, DISTRIBUTION, ETC. (IMPRINT)
Date of publication, distribution, etc. 1997
Name of publisher, distributor, etc. Saunder College
300 ## - PHYSICAL DESCRIPTION
Extent 934
365 ## - TRADE PRICE
Currency code Rs.
Price amount 130.00
700 ## - ADDED ENTRY--PERSONAL NAME
Personal name Tewari K. K.
9 (RLIN) 137443
906 ## - LOCAL DATA ELEMENT F, LDF (RLIN)
d B:42909-Mar-1999
c ETC
b 19.5
Holdings
Withdrawn status Lost status Damaged status Not for loan Home library Current library Date acquired Vendor Budget Code Cost, normal purchase price Bill number Total Checkouts Full call number Barcode Date last seen Discount Cost, replacement price Bill Date Koha item type Original Barcode
        Cummins College of Engineering for Women Pune Cummins College of Engineering for Women Pune 11/03/1999 Mbs ETC 110.50 429   621.381 CCEP-BK-9911 18/07/2023 19.5 130.00 09/03/1999 Books 009911